Διηγήματα και πεζογραφήματα
Αποθηκεύτηκε σε:
| Κύριος συγγραφέας: | |
|---|---|
| Μορφή: | Βιβλίο |
| Γλώσσα: | Greek |
| Δημοσίευση: |
Αθήνα :
Βιβλιοπωλείον της Εστίας,
1972
|
| Θέματα: | |
| Ετικέτες: |
Προσθήκη ετικέτας
Δεν υπάρχουν, Καταχωρήστε ετικέτα πρώτοι!
|
MARC
| LEADER | 00000nam a2200000 i 4500 | ||
|---|---|---|---|
| 001 | 1/43060 | ||
| 008 | 961104s1972 gre d | ||
| 035 | |l 10025702 | ||
| 040 | |a GR-MY-UA |b gre |e aacr | ||
| 041 | 0 | |a gre | |
| 082 | 0 | |a 889.3 | |
| 100 | 1 | |a Αθανασιάδης-Νόβας, Θεμιστοκλής, |d 1896-1961. | |
| 245 | 1 | 0 | |a Διηγήματα και πεζογραφήματα / |c Θεμ. Αθανασιάδης-Νόβας |
| 260 | |a Αθήνα : |b Βιβλιοπωλείον της Εστίας, |c 1972 | ||
| 650 | 0 | 0 | |a Greek literature. |
| 852 | |a INST |b CHIOS |e 19961104 |h 889.3 ΑΘΑ |p 005200011059 |q 005200011059 |t BK |y 0 | ||
| 909 | |a Χ |b 047747 | ||